Spanish 5000 #21 - Nouns (Masculine, Cognates, Hard) - Statistics

General Stats
  • This quiz has been taken 40 times
  • The average score is 66 of 255
Answer Stats
English Spanish % Correct
neck, collar cuello
100%
impact impacto
100%
Latin latín
100%
luxury lujo
100%
organism, (human) body organismo
100%
palace palacio
100%
abortion aborto
67%
ally aliado
67%
anniversary aniversario
67%
apostle apóstol
67%
bronze bronce
67%
capitalism capitalismo
67%
communism comunismo
67%
congress congreso
67%
consensus, consent consenso
67%
consumption consumo
67%
worship, cult culto
67%
disaster desastre
67%
destination, destiny destino
67%
duke duque
67%
echo, response eco
67%
scandal escándalo
67%
splendor esplendor
67%
ghost, phantom fantasma
67%
fraud fraude
67%
idol ídolo
67%
incident incidente
67%
hell, inferno infierno
67%
institute instituto
67%
mechanism mecanismo
67%
nerve nervio
67%
obstacle obstáculo
67%
optimism optimismo
67%
pact, agreement pacto
67%
panorama, landscape panorama
67%
paradise paraíso
67%
participant participante
67%
patrimony, inheritance patrimonio
67%
pine (tree) pino
67%
pulse, pulsation pulso
67%
rank, range rango
67%
realism realismo
67%
sacrifice sacrificio
67%
senate senado
67%
suicide suicidio
67%
throne trono
67%
uniform uniforme
67%
universe universo
67%
verse, poem verso
67%
whisky whisky
67%
abyss, large gap abismo
33%
abuse, misuse abuso
33%
adversary adversario
33%
affection, fondness afecto
33%
altar altar
33%
analysis análisis
33%
apparatus, device aparato
33%
appetite apetito
33%
attack, raid ataque
33%
ticket, bill, note billete
33%
candidate candidato
33%
carnival carnaval
33%
code código
33%
command, order comando
33%
commerce, trade comercio
33%
complex complejo
33%
component, ingredient componente
33%
context contexto
33%
contrast contraste
33%
convent, monastery convento
33%
courage, toughness coraje
33%
colonel coronel
33%
corral, yard corral
33%
criterion criterio
33%
decree, order decreto
33%
defect defecto
33%
deficit, shortage déficit
33%
delirium, nonsense delirio
33%
diameter diámetro
33%
dictator dictador
33%
design diseño
33%
district, area distrito
33%
ecosystem ecosistema
33%
enthusiasm entusiasmo
33%
equivalent equivalente
33%
spectacle, show espectáculo
33%
spectator, onlooker espectador
33%
experiment experimento
33%
filter, screening filtro
33%
forum foro
33%
gene gen
33%
hymn, anthem himno
33%
impulse, momentum impulso
33%
indicator, gauge indicador
33%
interval, gap intervalo
33%
laboratory laboratorio
33%
lament, moan lamento
33%
language, speech lenguaje
33%
leadership liderazgo
33%
mandate, order, command mandato
33%
marble mármol
33%
mold, cast, pattern molde
33%
monarch monarca
33%
monastery, convent monasterio
33%
northwest noroeste
33%
bishop obispo
33%
West, Occident occidente
33%
East, Orient oriente
33%
stick, pole palo
33%
package, packet paquete
33%
parameter parámetro
33%
parliament, dialogue parlamento
33%
party, group, (sports) match partido
33%
newspaper, periodical periódico
33%
pillar, column pilar
33%
percentage porcentaje
33%
precedent precedente
33%
prestige prestigio
33%
pretext, excuse pretexto
33%
prophet profeta
33%
protocol, convention protocolo
33%
register, record registro
33%
rebirth, Renaissance renacimiento
33%
residue, waste residuo
33%
withdrawal, retreat retiro
33%
revolver, Egun revólver
33%
rite, ritual rito
33%
rosary, beads, string rosario
33%
segment, sector segmento
33%
stamp, seal sello
33%
seminar, seminary seminario
33%
syndrome síndrome
33%
socialism socialismo
33%
suffering sufrimiento
33%
southeast sureste
33%
terrorism terrorismo
33%
traffic, transit tránsito
33%
treatment, processing tratamiento
33%
trajectory, course, path trayecto
33%
tourism turismo
33%
vice, bad habit, defect vicio
33%
abandonment, desertion abandono
0%
isolation aislamiento
0%
adjustment, settlement ajuste
0%
antecedent antecedente
0%
learning, apprenticeship aprendizaje
0%
archive, file, filing cabinet archivo
0%
argument, plot argumento
0%
assault, robbery asalto
0%
attribute, quality atributo
0%
dance, ball baile
0%
bond, certificate, voucher bono
0%
bulk, shape bulto
0%
calculation, calculus cálculo
0%
camp, camping campamento
0%
championship campeonato
0%
caprice, whim capricho
0%
cardinal cardenal
0%
position, charge, fee cargo
0%
circuit, circumference, track circuito
0%
collective, group colectivo
0%
combat, battle, fight combate
0%
commissioner, delegate comisario
0%
committee, commission comité
0%
rhythm, time, compass compás
0%
count conde
0%
advice, council, counsel consejo
0%
consumer consumidor
0%
crossing, intersection cruce
0%
quarters, barracks cuartel
0%
cultivation, crop cultivo
0%
fulfillment, compliment cumplimiento
0%
decline, descent, lowering descenso
0%
discovery descubrimiento
0%
movement, removal, displacement desplazamiento
0%
deterioration, damage deterioro
0%
diagnosis diagnóstico
0%
lecture, discourse, talk discurso
0%
transmitter, emitter emisor
0%
emperor emperador
0%
emphasis énfasis
0%
essay, rehearsal ensayo
0%
entity, being, firm ente
0%
entertainment entretenimiento
0%
stage, setting, scene escenario
0%
ghost, specter espectro
0%
spirit, ghost espíritu
0%
establishment establecimiento
0%
stimulus, encouragement estímulo
0%
exile exilio
0%
phenomenon fenómeno
0%
philosopher filósofo
0%
flow, tide, discharge flujo
0%
fragment, passage fragmento
0%
fruit, result fruto
0%
functioning, operation funcionamiento
0%
sort, gender, genre género
0%
balloon, globe globo
0%
governor gobernador
0%
inhabitant habitante
0%
heir, heiress heredero
0%
homage, tribute homenaje
0%
empire, fortune imperio
0%
increase, raise incremento
0%
indication, sign indicio
0%
ingenuity, talent, wit ingenio
0%
instinct instinto
0%
maze, labyrinth laberinto
0%
bow, knot, tie, lasso lazo
0%
reader, lecturer lector
0%
back, loin, spine lomo
0%
mammal mamífero
0%
handling, management manejo
0%
maintenance, sustenance mantenimiento
0%
manuscript manuscrito
0%
frame, mark, setting marco
0%
means, resources medios
0%
monopoly monopolio
0%
murmur, whispering murmullo
0%
appointment, nomination nombramiento
0%
knot nudo
0%
observer observador
0%
paragraph párrafo
0%
fare, passage, lane pasaje
0%
grass, pasture pasto
0%
employer, landlord, patron saint patrón
0%
y p.: and a bit, beak, peak pico
0%
prejudice prejuicio
0%
privilege privilegio
0%
procedure, proceedings procedimiento
0%
producer productor
0%
reasoning razonamiento
0%
claim, complaint, protest reclamo
0%
reflection reflejo
0%
shelter, refuge refugio
0%
regime, diet régimen
0%
regulations, rules reglamento
0%
reign, rule reinado
0%
relief, poner de r.: to emphasize relieve
0%
repertoire, list, index repertorio
0%
news report reportaje
0%
requirement, request, summons requerimiento
0%
prerequisite, requirement requisito
0%
sergeant sargento
0%
feeling, sentiment sentimiento
0%
symptom síntoma
0%
subject, individual sujeto
0%
testimony, evidence testimonio
0%
touch, ringing, warning toque
0%
tournament torneo
0%
transfer traslado
0%
treatment, manner, agreement trato
0%
triumph, victory triunfo
0%
poison, venom veneno
0%
force, strength, vigor vigor
0%
No matching quizzes found
Score Distribution
Percent of People with Each Score
Percentile by Number Answered
Your Score History
You have not taken this quiz